Fr. Conceicao Rodrigues College of Engineering

Optimization Tech in Prod Mgt C-N0 : 252 (Record no. 28736)

MARC details
000 -LEADER
fixed length control field 00370nam a2200157Ia 4500
082 ## - DEWEY DECIMAL CLASSIFICATION NUMBER
Classification number 658.4033
Item number AICTE
100 ## - MAIN ENTRY--PERSONAL NAME
Personal name AICTE
250 ## - EDITION STATEMENT
Edition statement 2
245 ## - TITLE STATEMENT
Title Optimization Tech in Prod Mgt C-N0 : 252
260 ## - PUBLICATION, DISTRIBUTION, ETC.
Name of publisher, distributor, etc. Continuing Education Programmer AICTE
Place of publication, distribution, etc. Bangalore
Date of publication, distribution, etc. 1992
300 ## - PHYSICAL DESCRIPTION
Extent 173
546 ## - LANGUAGE NOTE
Language note ENGLISH
654 ## - SUBJECT ADDED ENTRY--FACETED TOPICAL TERMS
Focus term Optimization
942 ## - ADDED ENTRY ELEMENTS (KOHA)
Koha item type BOOK
Holdings
Withdrawn status Lost status Damaged status Not for loan Collection Home library Current library Date acquired Total Checkouts Full call number Barcode Date last seen Price effective from Koha item type
        CRC Fr. Agnel's C.Rodrigues College of Engineering Fr. Agnel's C.Rodrigues College of Engineering 17/03/2023   658.4033 AICTE 12015 17/03/2023 17/03/2023 BOOK
        CRC Fr. Agnel's C.Rodrigues College of Engineering Fr. Agnel's C.Rodrigues College of Engineering 17/03/2023   658.4033 AICTE 12016 17/03/2023 17/03/2023 BOOK